| 000 | 00596nam a2200253Ia 4500 | ||
|---|---|---|---|
| 003 | IT-RoPAU | ||
| 005 | 20220918175730.0 | ||
| 008 | 120407s9999 xx 000 0 und d | ||
| 040 | _aIT-RoPAU | ||
| 040 | _cIT-RoPAU | ||
| 041 | _aita | ||
| 100 |
_aBenedettine di Rosario _935564 |
||
| 245 | _aLa Madonna nel pensiero di san Bernardo e dei primi cistercensi | ||
| 250 | _aMilano | ||
| 260 | _aEdizioni Paoline | ||
| 260 | _c1989 | ||
| 300 | _a178 p. | ||
| 300 | _bsi | ||
| 300 | _c18 cm | ||
| 490 | _aLa parola e le parole,15 | ||
| 490 | _v1 | ||
| 942 |
_cBK _2ddc |
||
| 999 |
_c27352 _d27352 |
||